Jen se pousměj!

Hlavní autor: Hanzlová, Zuzana, 1948-
Další autoři: Moran, Mike, 1948-, De Paul, Lynsey, 1950-, Borovec, Zdeněk, 1932-2001, Pokorný, Václav, 1918-2011
Jazyk: Čeština
Vydáno: Praha : Supraphon, 1978
Vydání: 1. vyd.
Edice: Malý taneční soubor. Combo series
Fyzický popis: 5 hlasů
Hudebniny Hudebniny
Uloženo v:
LEADER 01151ncm a22003012a 4500
001 001102426
003 CZ BrMZK
005 20110505082847.0
007 qu
008 100618s1978 xr |||||||||||||||||cze d
040 |a BOA001  |b cze 
072 7 |a 784  |x Vokální hudba  |2 Konspekt  |9 9 
100 1 |a Hanzlová, Zuzana,  |d 1948-  |7 xx0075002  |4 cmp 
245 1 0 |a Jen se pousměj!  |h [hudebnina] /  |c Zuzana Hanzlová. Dotazník / hudba a původní text M. Moran a Lynsey de Paul ; český text Z. Borovec ; upravil Václav Pokorný 
250 |a 1. vyd. 
260 |a Praha :  |b Supraphon,  |c 1978 
300 |a 5 hlasů 
490 1 |a Malý taneční soubor. Combo series ;  |v 267 
700 1 |a Moran, Mike,  |d 1948-  |7 xx0075020  |4 cmp  |4 lyr 
700 1 |a De Paul, Lynsey,  |d 1950-  |7 xx0075024  |4 cmp  |4 lyr 
700 1 |a Borovec, Zdeněk,  |d 1932-2001  |7 jk01012677  |4 lyr 
700 1 |a Pokorný, Václav,  |d 1918-2011  |7 ola2002108019  |4 arr 
740 0 2 |a Dotazník 
830 0 |a Malý taneční soubor.  |p Combo series 
910 |a BOA001  |b Mus3-0792.452 
990 |a MU 
991 |b 201006 
996 6 |b 2619457736  |c Mus3-0792.452  |l MZK  |r Sklad / do 1 hodiny  |n 0  |w 001129081  |u 000010  |a 1  |e BOA001  |j MZK50  |s P